000
00279nam a2200121 a 4500
008
101021s1982|||| d
100
1
_a
Kalinovská, Dina
245
1
0
_a
Ach, tá Sobota !
260
_b
Tatran
_a
Bratislava
_c
1982
041
_a
slo
020
_c
16
044
_a
xo
_c
SK
999
_c
11921
_d
11921